| 000 | 00698nam a22002057a 4500 | ||
|---|---|---|---|
| 999 |
_c11972 _d11972 |
||
| 003 | AR-CdUCM | ||
| 008 | 190405b ||||| |||| 00| 0 spa d | ||
| 040 |
_aMUNICIPALIDAD PROVINCIAL DEL CUSCO _cBIBLIOTECA MUNICIPAL DEL CUSCO |
||
| 082 |
_22ed. _a869.26 / _bS16 /1945 |
||
| 100 |
_aSagues, Isidoro _929614 |
||
| 245 |
_aBanco Ingles : _brelatos de mar / |
||
| 260 |
_aBuenos Aires, _bLosada, _c1945. |
||
| 300 |
_a147 páginas ; _c21 cm. |
||
| 505 | _aEl albatro -- Curado de mareo -- El ponton -- El brazo de mar -- Transmutado -- La campana... | ||
| 650 |
_aRelatos. _9195 |
||
| 650 |
_aLiteratura. _983 |
||
| 650 |
_aRelatos de mar. _929615 |
||
| 942 |
_2ddc _cLIBROS |
||
| 945 |
_awfj _d2019-04-05 |
||